Statistiques concernant À quel footballeur apartiennent ces chiens.

Cliquez ici pour prendre le quiz!

Statistiques générales

  • Ce quiz a été pris 59 fois
  • Le résultat moyen est 2 sur 9

Statistiques - réponses

Réponse% Correct
Messi
91%
Francesco Totti
35%
Neymar
31%
David Beckam
25%
Alexis Sánchez
22%
Andrés Inièsta
2%
Harry Kane
2%
Sergi Roberto
2%
Mario Balotelli
0%

Distribution des résultats

Percentile par nombre de réponses

% des personnes avec chaque résultat

Votre développement - résultats

Vous n’avez pas pris ce quiz